000 01716nam a22002297a 4500
008 250701t2025 xxk||||| |||| 00| 0 eng d
041 _aeng
110 _aShared Ownership Council
245 _aShared Ownership Code
260 _bShared Ownership Council,
_cJune 2025
300 _a13p.
520 _aA new Shared Ownership Code (“the Code”) has been created by the Shared Ownership Council, which is backed by 27 housing providers and financial institutions, alongside housing associations and shared ownership specialists. Social landlords can now sign up to this voluntary Code designed in an attempt to standardise the shared ownership offering in the UK and raise standards. The Code has been developed over a consultation with customers, mortgage lenders and other stakeholders, over the last 18 months following a four-month pilot with eight landlords. It is designed to improve the shared ownership experience and increase satisfaction. It is proposed to cover all organisations that interact with shared owners aiming to ensure fairness, transparency and improved support for shared owners in marketing, purchasing, and management of their homes. There is also hope that this increasingly standardised model will help provide additional investment into the product.
650 _aHOUSING ASSOCIATIONS
650 _aRESIDENTIAL PROPERTY
650 _aSOCIAL HOUSING
650 _aSHARED OWNERSHIP
651 _aEngland
690 _aAffordable housing
_96215
710 _aShared Ownership Council
856 _uhttps://static1.squarespace.com/static/65957785c6d9e12764a2ed70/t/683d599e148c250506216251/1748851103820/Shared+Ownership+Code+2025.pdf
_zCode
942 _n0
999 _c122188
_d122188